BSOP header

Greek-English lexicon of the New Testament / (Record no. 5142)

MARC details
000 -LEADER
fixed length control field 00744nam a2200205 4500
008 - FIXED-LENGTH DATA ELEMENTS--GENERAL INFORMATION
fixed length control field 011129s1988 us engYA
020 ## - INTERNATIONAL STANDARD BOOK NUMBER
International Standard Book Number 0826703429
090 ## - LOCALLY ASSIGNED LC-TYPE CALL NUMBER (OCLC); LOCAL CALL NUMBER (OCLC)
Classification number (OCLC) (R) ; Classification number, CALL (RLIN) (NR) PA881
Local cutter number (OCLC) ; Book number/undivided call number, CALL (RLIN) G81l
100 1# - MAIN ENTRY--PERSONAL NAME
Personal name Louw, Johannes Petrus
245 10 - TITLE STATEMENT
Title Greek-English lexicon of the New Testament /
Statement of responsibility, etc Johannes Petrus Louw.
260 ## - PUBLICATION, DISTRIBUTION, ETC. (IMPRINT)
Place of publication, distribution, etc New York :
Name of publisher, distributor, etc United Bible Societies,
Date of publication, distribution, etc c1988.
300 ## - PHYSICAL DESCRIPTION
Extent iv, 375 p.
505 0# - FORMATTED CONTENTS NOTE
Formatted contents note vol. II- Indices
650 #4 - SUBJECT ADDED ENTRY--TOPICAL TERM
Topical term or geographic name as entry element Bible. N.T.
General subdivision Language, style.
650 #4 - SUBJECT ADDED ENTRY--TOPICAL TERM
Topical term or geographic name as entry element Greek language, Biblical
General subdivision Dictionaries, English.
650 #4 - SUBJECT ADDED ENTRY--TOPICAL TERM
Topical term or geographic name as entry element Greek language, Biblical
General subdivision Glossaries, vocabularies, etc.
650 #4 - SUBJECT ADDED ENTRY--TOPICAL TERM
Topical term or geographic name as entry element Greek language, Biblical
General subdivision Semantics.
951 ## - EQUIVALENCE OR CROSS-REFERENCE-GEOGRAPHIC NAME/AREA NAME [OBSOLETE] [CAN/MARC only]
General subdivision 00009106
950 0# - LOCAL HOLDINGS (RLIN)
-- 4.95
951 ## - EQUIVALENCE OR CROSS-REFERENCE-GEOGRAPHIC NAME/AREA NAME [OBSOLETE] [CAN/MARC only]
-- 11986
-- PA881/G81l-II
-- 070613111023078
-- 2000-12-21
-- REF
Holdings
Withdrawn status Lost status Damaged status Not for loan Home library Current library Shelving location Date acquired Accession number Shelving control number Total Checkouts Full call number Barcode Date last seen Price effective from Koha item type
        BSOP Library BSOP Library Reference 12/21/2000 11986 127   PA881/G81l-II 00009106 02/23/2013 02/23/2013 Books
BSOP

Biblical Seminary of the Philippines
  All rights Reserved
  © 2024

CONTACT INFORMATION

Biblical Seminary of the Philippines,
  77-B Karuhatan Road, Valenzuela City,
  PHILIPPINES 1441
  Phone: +632 8292-6795 / 8292-6798
  Fax : +632 8292-6675
  Email: library@bsop.edu.ph